Losowe polowanie na myszy Stanów w USA! - Statystyki

Ogólne statystyki
  • Ten quiz został rozwiązany 206 razy
  • Średni wynik to 4 z 10
Odpowiedzi na mapie
Odpowiedzi zakodowano w zielono-czerwonej skali na mapie do tego quizu, zgodnie z poniższymi procentami.
 
Statystyki odpowiedzi
Stany % Poprawnych
Teksas
80%
Kalifornia
79%
Nowy Meksyk
71%
Floryda
68%
Maine
67%
Alaska
66%
Nowy Jork
65%
Waszyngton
64%
Nevada
63%
Idaho
59%
Kolorado
57%
Michigan
57%
Nebraska
56%
Mississippi
55%
Karolina Południowa
54%
Luizjana
54%
Alabama
52%
Utah
52%
Illinois
50%
Oregon
47%
Wyoming
47%
Kansas
46%
Montana
45%
Pensylwania
45%
Hawaje
44%
Arizona
43%
Dakota Północna
43%
Indiana
43%
Minnesota
42%
Georgia
41%
Vermont
40%
Karolina Północna
39%
Kentucky
39%
Dakota Południowa
38%
New Jersey
36%
Wirginia
36%
Ohio
35%
Arkansas
33%
Tennessee
33%
Oklahoma
31%
Missouri
30%
Wisconsin
30%
Iowa
29%
Massachusetts
26%
Maryland
24%
New Hampshire
23%
Rhode Island
17%
Wirginia Zachodnia
14%
Delaware
13%
Connecticut
12%
Nie znaleziono quizów pasujących do podanych kryteriów
Rozkład punktacji
Procent ludzi z każdym wynikiem
Percentyl według liczby udzielonych odpowiedzi
Twoja historia wyników
Nie rozwiązałeś tego quizu